000
00304nam a22001097a 4500
999
_c
251904
_d
251903
020
_a
9780761962304
100
_a
MILES JEREMY & SHEVLIN MARK
245
_a
APPLYING REGRESSION & CORRELATION: Aguide for students & researchers
260
_a
UK
_b
SAGE PUBLICATIONS
_c
2013
300
_a
253
_b
ILL
942
_c
BK